High school English grammar and composition / (Record no. 208654)
[ view plain ]
| 000 -LEADER | |
|---|---|
| fixed length control field | 00672 a2200169 4500 |
| 003 - CONTROL NUMBER IDENTIFIER | |
| control field | Nust |
| 005 - DATE AND TIME OF LATEST TRANSACTION | |
| control field | 20230125125559.0 |
| 040 ## - CATALOGING SOURCE | |
| Transcribing agency | Nust |
| 082 ## - DEWEY DECIMAL CLASSIFICATION NUMBER | |
| Classification number | 428.007,MAR |
| 100 ## - MAIN ENTRY--PERSONAL NAME | |
| Personal name | Wren,P.C and Martin.H |
| 9 (RLIN) | 107637 |
| 245 ## - TITLE STATEMENT | |
| Title | High school English grammar and composition / |
| Statement of responsibility, etc. | P.C.Wren and H.Martin |
| 260 ## - PUBLICATION, DISTRIBUTION, ETC. | |
| Place of publication, distribution, etc. | Rawalpindi |
| Name of publisher, distributor, etc. | Mahmood brothers |
| 300 ## - PHYSICAL DESCRIPTION | |
| Extent | viii,418p |
| 505 ## - FORMATTED CONTENTS NOTE | |
| Formatted contents note | Book 1 Grammar (Page-3), Book II Composition part 1 Analysis, transformation and synthesis (Page-149-157), Part II Correct usage (Page-235-237), Part III Structures (Page-299-305), Part IV Written composition (Page-315-318). |
| 650 ## - SUBJECT ADDED ENTRY--TOPICAL TERM | |
| Topical term or geographic name entry element | English grammar |
| 9 (RLIN) | 65054 |
| 942 ## - ADDED ENTRY ELEMENTS (KOHA) | |
| Source of classification or shelving scheme | |
| Koha item type | Book |
| Call number prefix | 428.007,MAR |
| Withdrawn status | Lost status | Source of classification or shelving scheme | Damaged status | Not for loan | Permanent Location | Current Location | Shelving location | Date acquired | Full call number | Barcode | Date last seen | Price effective from | Koha item type | Public note |
|---|---|---|---|---|---|---|---|---|---|---|---|---|---|---|
| Military College of Signals (MCS) | Military College of Signals (MCS) | General Stacks | 12/12/2016 | 428.007,MAR | MCS33867 | 12/08/2016 | 12/12/2016 | Book | Almirah No. 54, Shelf No. 6 |
